000 00406nam a2200133Ia 4500
008 220216s9999 xx 000 0 und d
100 _aKlaasse Sandy
245 0 _aLEAN six sigma in the latex industry
260 _b6th Annual International Latex Conference, Hilton Akron/Fairlawn, July 29-30, 2003
650 _aLatex industry
650 _aSigma methodology
856 _uCopy of article
942 _cJS
999 _c62147
_d62147